Novinky literatury ekonomie

Guardado en:
Detalles Bibliográficos
Formato: Seriadas
Lenguaje:checo
Publicado: Praha Stát. knihovna ČSR 1980
Etiquetas: Agregar Etiqueta
Sin Etiquetas, Sea el primero en etiquetar este registro!

MARC

LEADER 00000nas2a22000001 4500
001 s122653
005 20250730114209.8
041 0 |a cze 
044 |a CZ 
245 1 0 |a Novinky literatury  |b ekonomie 
264 1 |a Praha  |b Stát. knihovna ČSR  |c 1980 
300 |a 1 zv. 
773 0 |w eu_un_cat*s121079